MISSION R&AW (Record no. 28768)
[ view plain ]
| 000 -LEADER | |
|---|---|
| fixed length control field | 00284nam a22001337a 4500 |
| 003 - CONTROL NUMBER IDENTIFIER | |
| control field | SGT |
| 020 ## - INTERNATIONAL STANDARD BOOK NUMBER | |
| International Standard Book Number | 9788195200726 |
| 082 ## - DEWEY DECIMAL CLASSIFICATION NUMBER | |
| Classification number | 351 |
| Item number | M21Y |
| 100 ## - MAIN ENTRY--PERSONAL NAME | |
| Personal name | YADAV, R.K. |
| 245 ## - TITLE STATEMENT | |
| Title | MISSION R&AW |
| 260 ## - PUBLICATION, DISTRIBUTION, ETC. (IMPRINT) | |
| Name of publisher, distributor, etc | ADHAYAN PUBLISHERS & DISTRIBUTORS |
| Year of Publication | 2021 |
| 300 ## - PAGE DESCRIPTION | |
| No. of Pages | 493 |
| 942 ## - ADDED ENTRY ELEMENTS (KOHA) | |
| Source of classification or shelving scheme | Dewey Decimal Classification |
| Koha item type | Books |
| Withdrawn status | Lost status | Source of classification or shelving scheme | Damaged status | Not for loan | Home library | Current library | Shelving location | Date acquired | Cost, normal purchase price | SGTU | Total Checkouts | Full call number | Accession No. (Barcode) | Date last seen | Bill Date | Koha item type |
|---|---|---|---|---|---|---|---|---|---|---|---|---|---|---|---|---|
| Dewey Decimal Classification | Not For Loan | SGT Chancellor's Library | SGT Chancellor's Library | Reference Book | 09/01/2025 | 1995.00 | SGTU | 351 M21Y | CH1606 | 09/01/2025 | 09/01/2025 | Books | ||||
| Dewey Decimal Classification | Not For Loan | SGT Chancellor's Library | SGT Chancellor's Library | Reference Book | 09/01/2025 | 1995.00 | SGTU | 351 M21Y | CH1607 | 09/01/2025 | 09/01/2025 | Books | ||||
| Dewey Decimal Classification | Not For Loan | SGT Chancellor's Library | SGT Chancellor's Library | Reference Book | 09/01/2025 | 1995.00 | SGTU | 351 M21Y | CH1608 | 09/01/2025 | 09/01/2025 | Books | ||||
| Dewey Decimal Classification | Not For Loan | SGT Chancellor's Library | SGT Chancellor's Library | Reference Book | 09/01/2025 | 1995.00 | SGTU | 351 M21Y | CH1626 | 09/01/2025 | 09/01/2025 | Books |